Inorganic reaction chemistry / (Record no. 70132)
[ view plain ]
| 000 -LEADER | |
|---|---|
| fixed length control field | 01267nam a2200325 a 4500 |
| 001 - CONTROL NUMBER | |
| control field | 70132 |
| 003 - CONTROL NUMBER IDENTIFIER | |
| rucl marc code | BD-RjUL |
| 005 - DATE AND TIME OF LATEST TRANSACTION | |
| control field | 20211209081952.0 |
| 008 - FIXED-LENGTH DATA ELEMENTS--GENERAL INFORMATION | |
| fixed length control field | 170419m19801981enk 001 0 eng d |
| 020 ## - INTERNATIONAL STANDARD BOOK NUMBER | |
| International Standard Book Number | 0853121192 (v.2,part A, Ellis Horwood) |
| International Standard Book Number | 0853123527 (v.2,part B, Ellis Horwood) |
| 035 ## - SYSTEM CONTROL NUMBER | |
| System control number | (BD-RjUL)70344 |
| 040 ## - CATALOGING SOURCE | |
| Original cataloging agency | UkOxU |
| Language of cataloging | eng |
| Transcribing agency | UkOxU |
| Modifying agency | BD-RjUL |
| 041 ## - LANGUAGE CODE | |
| Language code of text/sound track or separate title | eng |
| 082 0# - DEWEY DECIMAL CLASSIFICATION NUMBER | |
| Classification number | 546 |
| Edition number | 23 |
| Author mark and year | BUI 1981 |
| 100 1# - MAIN ENTRY--PERSONAL NAME | |
| Personal name | Burns, Duncan Thorburn. |
| 9 (RLIN) | 207702 |
| 245 10 - TITLE STATEMENT | |
| Title | Inorganic reaction chemistry / |
| Statement of responsibility, etc. | D.T. Burns, A. Townshend and A.H. Carter |
| 260 ## - PUBLICATION, DISTRIBUTION, ETC. (IMPRINT) | |
| Place of publication, distribution, etc. | New York : |
| Name of publisher, distributor, etc. | Halsted Press division of Wiley, |
| Date of publication, distribution, etc. | 1981 |
| 300 ## - PHYSICAL DESCRIPTION | |
| Pagination | 300 p. ; |
| Size | 24 cm |
| 490 1# - SERIES STATEMENT | |
| Series statement | Ellis Horwood series in analytical chemistry |
| 504 ## - BIBLIOGRAPHY, ETC. NOTE | |
| Bibliography, etc | Includes bibliographical references and indexes |
| 505 0# - FORMATTED CONTENTS NOTE | |
| Formatted contents note | Contents: v. 1 - Systematic chemical separation -- v. 2 - Reactions of the elements and their compounds: Part A - Alkali metals to nitrogen; Part B - Osmium to Zirconium |
| 650 #0 - SUBJECT ADDED ENTRY--TOPICAL TERM | |
| Topical term or geographic name as entry element | Chemistry, Inorganic |
| 9 (RLIN) | 117207 |
| Topical term or geographic name as entry element | Chemical reactions |
| 9 (RLIN) | 162777 |
| 700 1# - ADDED ENTRY--PERSONAL NAME | |
| Personal name | Townshend, A. |
| Fuller form of name | (Alan), |
| Dates associated with a name | 1939- |
| Personal name | Carter, A. H., |
| Dates associated with a name | 1913- |
| 830 #0 - SERIES ADDED ENTRY--UNIFORM TITLE | |
| Uniform title | Ellis Horwood series in analytical chemistry. |
| 942 ## - ADDED ENTRY ELEMENTS (KOHA) | |
| Source of classification or shelving scheme | Dewey Decimal Classification |
| Koha item type | Books |
| Lost status | Source of classification or shelving scheme | Damaged status | Not for loan | Collection code | Permanent Location | Current Location | Shelving location | Date acquired | Source of acquisition | Cost, normal purchase price | Total Checkouts | Full call number | Date last seen | Copy number | Koha item type |
|---|---|---|---|---|---|---|---|---|---|---|---|---|---|---|---|
| Dewey Decimal Classification | Not For Loan | Non-fiction | Central Library, University of Rajshahi | Central Library, University of Rajshahi | Reading Room | 11/07/1985 | Tulip Enterprise, Dhaka | 3058.30 | 546 BUI 1981 | 16/04/2017 | C-1 | Books |